|
|
|
|
| LEADER |
00710cam a2200205 7i4500 |
| 001 |
0000010493 |
| 005 |
20020314090000.0 |
| 020 |
0 |
0 |
|a 158239055 X
|
| 090 |
0 |
0 |
|a AM.N 382.5025
|b INT
|
| 245 |
0 |
4 |
|a The International directory of importers :
|b North America.
|
| 260 |
0 |
0 |
|a Poulsbo, WA:
|b Interdata,
|c 2002.
|
| 300 |
# |
# |
|a 620 p.
|
| 650 |
0 |
0 |
|a Importers --
|x Directories
|
| 650 |
0 |
0 |
|a Importers --
|x Directories --
|z North America
|
| 650 |
0 |
0 |
|a Importers --
|x Directories --
|z Canada
|
| 650 |
0 |
0 |
|a Importers --
|x Directories --
|z United States of America
|
| 651 |
0 |
0 |
|a United States of America
|
| 651 |
0 |
0 |
|a Canada
|
| 651 |
0 |
0 |
|a North America
|
| 999 |
|
|
|a B000012987
|b Directories
|c International
|e Business Information Centre
|